|
|
|
|
| LEADER |
01183nam a2200265 a 4500 |
| 001 |
28065703 |
| 008 |
090528r20021994maua b 001 0 eng d |
| 010 |
|
|
|a 93017803
|
| 020 |
|
|
|a 8178080060
|
| 020 |
|
|
|a 0201539292
|
| 040 |
|
|
|a DLC
|c DLC
|d OrLoB
|
| 082 |
0 |
0 |
|a 530.1/2
|2 20
|
| 100 |
1 |
|
|a Sakurai, J. J.
|q (Jun John),
|d 1933-1982.
|
| 245 |
1 |
0 |
|a Modern quantum mechanics /
|c J.J. Sakurai ; San Fu Tuan, editor.
|
| 250 |
|
|
|a Rev. ed.
|
| 260 |
|
|
|a Reading, Mass.,India :
|b Addison-Wesley Pub. Co. ,
|b Pearson Education Asia,
|c c1994.
|
| 300 |
|
|
|a x, 500 p. :
|b ill. ;
|c 25 cm.
|
| 504 |
|
|
|a Includes bibliographical references (p. 487-489) and index.
|
| 541 |
1 |
|
|e 00013226
|
| 650 |
|
0 |
|a Quantum theory.
|
| 700 |
1 |
|
|a Tuan, San Fu,
|d 1932-
|
| 852 |
4 |
|
|a Ayesha Abed Library
|j General Shelf.
|
| 999 |
|
|
|c 1114
|d 1114
|
| 952 |
|
|
|0 0
|1 0
|2 ddc
|4 0
|6 530_120000000000000_SAK
|7 0
|9 1005
|a BRACUL
|b BRACUL
|c GEN
|d 2009-06-24
|g 440.00
|l 8
|m 93
|o 530.12 SAK
|p 3010013226
|q 2026-06-08
|r 2025-11-11
|s 2025-11-11
|t 1
|v 880.00
|w 2009-06-24
|y BK
|
| 952 |
|
|
|0 0
|1 0
|2 ddc
|4 0
|6 530_120000000000000_SAK
|7 0
|9 14071
|a BRACUL
|b BRACUL
|c GEN
|d 2011-01-22
|g 440.00
|l 6
|m 41
|o 530.12 SAK
|p 3010013227
|q 2026-05-18
|r 2026-05-05
|s 2026-05-05
|t 2
|w 2011-01-22
|y BK
|